Statistics for Bible Characters #5

Click here to take the quiz!

General Stats

  • This quiz has been taken 29 times
  • The average score is 9 of 15

Answer Stats

HintAnswer% Correct
A Greek physician and an apostle of JesusLuke
92%
Discovered Jesus’ body was missing from the tombMary Magdelene
92%
A tax collector and one of Jesus’ 12 disciplesMatthew
92%
Apostle who wrote the second book of the New TestamentMark
88%
Woman judge who sat under a treeDeborah
72%
His elder daughterLeah
60%
The newly appointed disciple to replace JudasMatthias
56%
His younger daughterRachel
56%
His ass talkedBalaam
52%
Has a wet fleece when it should be dry (and vice versa)Gideon
52%
Deceitful uncle of JacobLaban
52%
Dropped the red rope from her windowRahab
52%
Married to Judah and OnanTamar
52%
Child king of JudahJosiah
44%
Judge the above helped to win a war against SiseraBarack
24%

Score Distribution

Percentile by Number Answered

Percent of People with Each Score

Your Score History

You have not taken this quiz